| 000 | 00769cam a2200265 a 4500 | ||
|---|---|---|---|
| 008 | |||
| 020 | _a0073529850 (hbk.) | ||
| 049 | _aMAIN | ||
| 090 |
_aHF5415.3 _bPET |
||
| 100 | 1 | _aPeter, J. Paul. | |
| 245 | 1 | 0 |
_aConsumer behavior and marketing strategy / _cJ. Paul Peter [and] Jerry C. Olson. |
| 250 | _a8th ed. | ||
| 260 |
_aBoston : _bMcGraw-Hill, _cc2008. |
||
| 300 |
_axix, 555 p. : _bill. ; _c27 cm. |
||
| 500 | _aIncludes index. | ||
| 504 | _aIncludes bibliographical references. | ||
| 650 | 0 | _aConsumer behavior. | |
| 650 | 0 | _aMarketing. | |
| 700 | 1 | _aOlson, Jerry C. | |
| 907 |
_a.b10286160 _b18-10-11 _c03-11-10 |
||
| 003 | |||
| 005 | 20230120133840.0 | ||
| 040 | _cNUST | ||
| 942 |
_cBOOKS _kHF5415.3 _mPET |
||
| 999 |
_c96544 _d96544 |
||